Normal view
MARC view
Entry Personal Name
001 - CONTROL NUMBER
- control field: 49943
003 - CONTROL NUMBER IDENTIFIER
- control field: ARRUPE
005 - DATE AND TIME OF LATEST TRANSACTION
- control field: 20201020142340.0
008 - FIXED-LENGTH DATA ELEMENTS
- fixed length control field: 201020|| aca||aabn | a|a d
040 ## - CATALOGING SOURCE
- Original cataloging agency: ARRUPE
- Transcribing agency: ARRUPE
100 ## - HEADING--PERSONAL NAME
- Personal name: Davis, Nicholas,
- Relator term: author.
670 ## - SOURCE DATA FOUND
- Source citation: Work cat.: (ARRUPE)0: Schwab, Klaus, 1938- author. 49938, Shaping the future of the fourth industrial revolution :